Ján Čiernihaus-Feketeházy (1842-1927)

Bibliographic Details
Main Author: Zrubec, Laco, 1931-2011 (Author)
Format: Article
Language:Slovak
PhysicalDescription:Obr.
ISBN:8096719688
Subjects:

MARC

LEADER 00000naa a2200000 ar4500
001 vtls009464779
003 SK-MaSNL
005 20260302144925.0
008 090123c2000 xo |r||||||||||00 b|slo
015 |a SNBRA2009/01  |2 snkbucl 
038 |a SNKBUCL 
040 |a SNKBUCL  |b slo  |e AACR2  |c SNKBUCL 
041 0 |a slo 
044 |a xo  |c SK 
080 |a 624-051  |2 2001 
080 |a 929 Čiernihaus-Feketeházy, Ján  |2 2001 
100 1 |a Zrubec, Laco,  |d 1931-2011  |4 aut  |9 150969 
245 1 0 |a Ján Čiernihaus-Feketeházy (1842-1927)  |c Laco Zrubec 
300 |b Obr. 
600 1 7 |a Čiernihaus-Feketeházy, Ján,  |d 1842-1927  |2 snkbucl  |9 836457 
655 7 |a profily  |2 snkbucl  |9 341977 
773 0 |t Slávni Slováci sveta  |d Nitra : Garmond, 2000  |g S. 39-40  |z 8096719688 
852 |a SNK  |b KIS3GCP 
958 |a BX 
999 |c 1351621  |d 1353551